El espíritu y la letra: un homenaje a Alfonso Gómez-Lobo
Gespeichert in:
| 1. Verfasser: | |
|---|---|
| Weitere Verfasser: | |
| Format: | Buch |
| Sprache: | Spanisch |
| Veröffentlicht: |
Buenos Aires, Argentina
Ediciones Colihue
2011
|
| Schlagworte: | |
| Tags: |
Tag hinzufügen
Keine Tags, Fügen Sie den ersten Tag hinzu!
|
MARC
| LEADER | 00000cam a2200000 a 4500 | ||
|---|---|---|---|
| 001 | UCF2899 | ||
| 003 | CL-VaPUC | ||
| 005 | 20210617001558.0 | ||
| 008 | 120910e20110000AG |||||||||||||||||spa|d | ||
| 999 | |c 349437 |d 349435 | ||
| 020 | |a 9789505634163 | ||
| 040 | |c Pontificia Universidad Católica de Valparaíso | ||
| 082 | 0 | 4 | |a 190 BOE 2011 |2 21 |
| 100 | 0 | |a Boeri, Marcelo D |9 564732 | |
| 245 | 1 | 3 | |a El espíritu y la letra: un homenaje a Alfonso Gómez-Lobo |
| 260 | 0 | 3 | |a Buenos Aires, Argentina |b Ediciones Colihue |c 2011 |
| 300 | |a 256 páginas | ||
| 583 | |a last modification |c 20120910 11:39:00 |k Rodrigo Vera | ||
| 650 | 0 | |a Filosofía moderna |9 258121 | |
| 700 | 0 | |a Ooms, Nicole |9 564733 | |
| 942 | |c BK |2 ddc | ||
| 945 | |d 20120910 00:00:00 |a dcastane | ||
| 952 | |0 0 |1 0 |2 ddc |4 0 |6 190_000000000000000_BOE_2011 |7 0 |8 A |9 452053 |a BIBEDU |b BIBEDU |d 2019-11-22 |i 490222K |o 190 BOE 2011 |p 490222K |r 2019-11-22 |t 1 |w 2019-11-22 |y BK |k FIL | ||
| 952 | |0 0 |1 0 |2 ddc |4 0 |6 190_000000000000000_BOE_2011 |7 0 |8 A |9 452054 |a BIBEDU |b BIBEDU |d 2019-11-22 |i 4980476 |o 190 BOE 2011 |p 4980476 |r 2019-11-22 |t 2 |w 2019-11-22 |y BK |k FIL | ||